000 00283nam a2200109Ia 4500
008 200302s9999 xx 000 0 und d
100 _aYatin Pandya
245 _aConcepts of Space in Traditional Indian Architecture
260 _bMaphin Publishing
260 _c2015
300 _a148 P.,
999 _c4030
_d4030